Taylor Swift - 1989 (Taylor‘s Version) - Statistiken

Allgemein
  • Dieses Quiz wurde 514 mal gespielt
  • Das Durchschnittsergebnis liegt bei 15 aus 22
Antwortstatistiken
Nein Track % Korrekt
1 Welcome To New York
90%
6 Shake It Off
89%
2 Blank Space
88%
3 Style
81%
8 Bad Blood
78%
22 Bad Blood
78%
4 Out Of The Woods
75%
9 Wildest Dreams
75%
17 Slut!
72%
16 New Romantics
71%
13 Clean
70%
21 Is It Over Now?
68%
19 Now That We Don't Talk
63%
14 Wonderland
63%
20 Suburban Legends
61%
11 This Love
61%
10 How You Get The Girl
58%
12 I Know Places
58%
15 You Are In Love
56%
5 All You Had To Do Was Stay
54%
18 Say Don't Go
52%
7 I Wish You Would
49%
Keine übereinstimmenden Quizze gefunden
Verteilung der Resultate
Anzahl Personen mit jedem Resultat
Perzentil nach korrekt beantworteten Fragen
Ihre Resultats-Entwicklung
Sie haben dieses Quiz noch nicht gespielt